000 00646nam a2200277Ia 4500
005 20260324120648.0
008 008 260324s9999 xx 000 0 eng d
020 _a9781315654348
037 _aEBOOK
040 _aCRL
040 _beng
040 _cCRL
041 _2eng
041 _aeng
084 _qCRL
100 _aSusan L Tananbaum
_91159464
245 0 _aJewish Immigrants in London, 1880–1939
260 _bTaylor and Francis
260 _c2014
365 _a
365 _b255
856 _uhttp://www.taylorfrancis.com/books/9781315654348
942 _cEBOOK
999 _c1751116
_d1751116